Sports Quiz

Random Sports or Baseball Quiz

2019 MLB Starting Lineups (Updated 5/15/19) Quiz Stats

 Plays Quiz not verified by Sporcle

Score 0/300 Timer 20:00
23 Plays Today
Team Player % Correct
BravesFreddie Freeman
90.2%
MetsJacob deGrom
87.5%
BravesOzzie Albies
86.8%
BravesJosh Donaldson
84.5%
PhilliesAaron Nola
84.5%
PhilliesBryce Harper
84.1%
NationalsMax Scherzer
83.2%
PiratesJosh Bell
83.1%
DodgersJustin Turner
83%
BravesAustin Riley
83%
PhilliesCesar Hernandez
82.8%
CubsAnthony Rizzo
82.8%
CubsKris Bryant
82.7%
IndiansLeonys Martin
82.3%
BravesNick Markakis
82.2%
BrewersChristian Yelich
82%
BravesDansby Swanson
81.8%
Red SoxJ.D. Martinez
81.7%
BravesBrian McCann
81.5%
PhilliesRhys Hoskins
81.4%
MetsRobinson Cano
81.4%
OriolesRichie Martin
81.2%
OriolesChris Davis
81.1%
AthleticsKhris Davis
80.9%
RedsJoey Votto
80.6%
CubsJavier Baez
80.3%
Red SoxMookie Betts
79.9%
CardinalsPaul Goldschmidt
79.3%
PhilliesJ.T. Realmuto
79.2%
Red SoxChris Sale
79.2%
RockiesNolan Arenado
79.1%
BravesRonald Acuna
78.8%
MetsWilson Ramos
78.6%
CardinalsYadier Molina
78.5%
BrewersLorenzo Cain
77.5%
RedsYasiel Puig
77.3%
YankeesGary Sanchez
77.2%
AngelsMike Trout
77%
GiantsStephen Vogt
76.9%
CubsWillson Contreras
76.6%
NationalsAnthony Rendon
76.4%
DodgersCorey Seager
76.2%
DodgersEnrique Hernandez
76.1%
Red SoxJackie Bradley
75.8%
GiantsMadison Bumgarner
75.7%
CubsJose Quintana
75.4%
GiantsBrandon Belt
75.3%
YankeesCameron Maybin
75.2%
RockiesTrevor Story
75.2%
MetsAmed Rosario
75%
PhilliesMaikel Franco
75%
PhilliesAndrew McCutchen
74.8%
CubsJason Heyward
74.8%
TwinsEddie Rosario
74.8%
MetsPete Alonso
74.7%
MarlinsStarlin Castro
74.7%
White SoxTim Anderson
74.6%
PhilliesJean Segura
74.5%
TwinsJason Castro
74.5%
NationalsWilmer Difo
74.4%
Red SoxXander Bogaerts
74.4%
CardinalsMatt Carpenter
74.3%
PhilliesOdubel Herrera
74.3%
GiantsBrandon Crawford
74.2%
DodgersClayton Kershaw
74.2%
YankeesMasahiro Tanaka
74.1%
DiamondbacksZack Greinke
74%
AstrosAledmys Diaz
73.9%
BrewersYasmani Grandal
73.8%
PiratesStarling Marte
73.7%
PadresEric Hosmer
73.6%
YankeesKendrys Morales
73.3%
BravesJulio Teheran
73.2%
NationalsJuan Soto
73.2%
Red SoxAndrew Benintendi
73.2%
NationalsHowie Kendrick
73.1%
MetsMichael Conforto
73%
BrewersRyan Braun
73%
CardinalsMarcell Ozuna
72.9%
CubsKyle Schwarber
72.6%
AstrosJustin Verlander
72.5%
AstrosCarlos Correa
72.5%
White SoxYolmer Sanchez
72.5%
DodgersCody Bellinger
72.5%
YankeesAaron Hicks
72.2%
PiratesAdam Frazier
72.1%
RedsEugenio Suarez
71.9%
Red SoxMitch Moreland
71.9%
DodgersChris Taylor
71.7%
IndiansJose Ramirez
71.7%
CardinalsMiles Mikolas
71.6%
PiratesFrancisco Cervelli
71.3%
BrewersMike Moustakas
71.3%
CardinalsKolten Wong
71.2%
RoyalsHunter Dozier
71.1%
AstrosAlex Bregman
71%
MetsTodd Frazier
70.7%
YankeesGleyber Torres
70.5%
IndiansTrevor Bauer
70.4%
Red SoxRafael Devers
70.2%
Team Player % Correct
NationalsBrian Dozier
70.1%
YankeesBrett Gardner
70.1%
IndiansRoberto Perez
70%
BrewersJesus Aguilar
69.8%
YankeesDJ LeMahieu
69.7%
AstrosGeorge Springer
69.7%
RaysBlake Snell
69.5%
CardinalsJose Martinez
69.3%
CardinalsPaul DeJong
69.1%
RoyalsAlex Gordon
69.1%
White SoxYonder Alonso
69.1%
MarinersDee Gordon
69%
DodgersMax Muncy
68.8%
AngelsAndrelton Simmons
68.1%
CubsAlbert Almora
67.9%
RangersAsdrubal Cabrera
67.9%
MarlinsMartin Prado
67.5%
GiantsEvan Longoria
67.3%
GiantsJoe Panik
67.3%
MarlinsCaleb Smith
67.3%
YankeesLuke Voit
67%
RockiesCharlie Blackmon
66.8%
TwinsMarwin Gonzalez
66.7%
MarinersDomingo Santana
66.6%
MetsBrandon Nimmo
66.1%
RedsJose Peraza
66%
CubsDaniel Descalso
65.9%
NationalsAdam Eaton
65.8%
BrewersOrlando Arcia
65.8%
NationalsYan Gomes
65.8%
TwinsJorge Polanco
65.7%
Red SoxMichael Chavis
65.7%
Blue JaysMarcus Stroman
65.5%
AngelsShohei Ohtani
65.5%
DiamondbacksJarrod Dyson
65.2%
RockiesDavid Dahl
65.2%
AthleticsMatt Chapman
65.2%
AstrosYulieski Gurriel
64.9%
PiratesCole Tucker
64.3%
RedsTucker Barnhart
64.2%
YankeesGio Urshela
64.2%
DiamondbacksChristian Walker
64.2%
Blue JaysJustin Smoak
63.8%
TigersNiko Goodrum
63.7%
DodgersAustin Barnes
63.7%
MetsJeff McNeil
63.5%
DodgersAlex Verdugo
63.4%
PadresHunter Renfroe
63.4%
MarlinsJorge Alfaro
63%
Red SoxChristian Vazquez
63%
PiratesJoe Musgrove
62.8%
PiratesMelky Cabrera
62.8%
White SoxJames McCann
62.6%
AstrosJosh Reddick
62.5%
DodgersJoc Pederson
62.5%
DiamondbacksDavid Peralta
62.3%
IndiansJake Bauers
62.2%
AngelsBrian Goodwin
62.2%
White SoxJose Abreu
61.9%
CardinalsDexter Fowler
61.9%
RoyalsBilly Hamilton
61.8%
RockiesDaniel Murphy
61.7%
CardinalsJedd Gyorko
61.7%
PadresTy France
61.7%
BravesJohan Camargo
61.6%
MarinersMitch Haniger
61.4%
RangersRougned Odor
61.4%
MetsJD Davis
61.4%
RangersShin-Soo Choo
61.2%
RedsLuis Castillo
61.1%
RangersElvis Andrus
61.1%
Blue JaysRandal Grichuk
60.9%
White SoxYoan Moncada
60.9%
TwinsNelson Cruz
60.6%
CubsAddison Russell
60.5%
AstrosMichael Brantley
60.4%
PadresGreg Garcia
60.3%
OriolesDwight Smith
60.2%
BrewersKeston Hiura
60.2%
AngelsAlbert Pujols
60.2%
BrewersJhoulys Chacin
60.2%
RaysKevin Kiermaier
60.2%
NationalsVictor Robles
60.1%
TwinsByron Buxton
60%
TigersNicholas Castellanos
59.8%
TigersJaCoby Jones
59.3%
AngelsJonathan Lucroy
58.7%
MarinersRyon Healy
58.4%
DiamondbacksEduardo Escobar
58.4%
TwinsJonathan Schoop
58.3%
MarlinsRosell Herrera
58.3%
DiamondbacksKetel Marte
58%
RaysTravis D'arnaud
57.8%
RockiesKyle Freeland
57.6%
MarinersEdwin Encarnacion
57.6%
RoyalsMartin Maldonado
57.6%
NationalsMichael Taylor
57.5%
RaysTommy Pham
57.4%
RedsJose Iglesias
57.4%
RedsJesse Winker
57.2%
Team Player % Correct
IndiansJason Kipnis
56.9%
RoyalsNicky Lopez
56.7%
PadresAustin Hedges
56.7%
BrewersEric Thames
56.6%
DiamondbacksAdam Jones
56.5%
AthleticsMarcus Semien
56.5%
IndiansCarlos Santana
56.4%
TwinsJose Berrios
56.3%
OriolesAndrew Cashner
56%
AthleticsMatt Olson
55.9%
PiratesGregory Polanco
55.9%
RedsDerek Dietrich
55.9%
OriolesRenato Nunez
55.7%
Blue JaysEric Sogard
55.6%
RockiesRaimel Tapia
55.3%
RedsNick Senzel
55%
RaysYandy Diaz
54.8%
MarlinsNeil Walker
54.6%
TwinsC.J. Cron
54.4%
DiamondbacksNick Ahmed
54.2%
MarlinsBrian Anderson
54%
AngelsDavid Fletcher
53.9%
PadresFranmil Reyes
53.3%
MarinersJay Bruce
53.2%
RoyalsDanny Duffy
53%
AngelsZack Cozart
52.3%
RockiesTony Wolters
52.3%
PadresIan Kinsler
52.2%
AstrosRobinson Chirinos
52.1%
PhilliesNick Williams
52%
TwinsMax Kepler
52%
RangersHunter Pence
51.8%
RaysAvisail Garcia
51.6%
Blue JaysTeoscar Hernandez
51.5%
AthleticsStephen Piscotty
51.4%
RangersJoey Gallo
51.4%
RangersNomar Mazara
51.2%
OriolesJonathan Villar
50.8%
Blue JaysFreddy Galvis
50.5%
RoyalsAdalberto Mondesi
49.9%
DiamondbacksWilmer Flores
49.7%
PadresManny Machado
49.5%
MarinersDaniel Vogelbach
48.9%
MarinersTim Beckham
48.6%
MarlinsMiguel Rojas
48.4%
MarlinsCurtis Granderson
48.4%
Blue JaysRowdy Tellez
48.2%
TigersRonny Rodriguez
48%
TigersMatthew Boyd
47.7%
AstrosTyler White
47.4%
TigersJosh Harrison
47.4%
White SoxLeury Garcia
47.3%
White SoxReynaldo Lopez
46%
RoyalsJorge Soler
45.6%
Blue JaysBilly McKinney
45.4%
RaysWilly Adames
45.3%
PiratesBryan Reynolds
45.2%
AngelsTyler Skaggs
45%
IndiansCarlos Gonzalez
45%
GiantsMac Williamson
44.9%
IndiansFrancisco Lindor
44.2%
PiratesColin Moran
43.7%
IndiansOscar Mercado
43.3%
TigersJeimer Candelario
42.5%
RaysJi-Man Choi
42.3%
RaysAustin Meadows
42.2%
AthleticsMike Fiers
42%
Blue JaysVladimir Guerrero
42%
GiantsKevin Pillar
41.9%
AthleticsJurickson Profar
41.7%
GiantsSteven Duggar
41.7%
OriolesRio Ruiz
41.5%
PadresWil Myers
41%
TigersMiguel Cabrera
40.9%
RaysBrandon Lowe
40.3%
PadresEric Lauer
39.6%
Blue JaysDanny Jansen
39.4%
AthleticsRamon Laureano
39%
MarinersMarco Gonzales
38.2%
RangersMike Minor
38.1%
White SoxCharlie Tilson
37.1%
MarlinsJon Berti
36.8%
OriolesTrey Mancini
36.7%
DiamondbacksAlex Avila
36.1%
RockiesMark Reynolds
35.6%
OriolesAustin Wynns
35%
White SoxNicky Delmonico
34.9%
TigersChristin Stewart
34.7%
RockiesRyan McMahon
34.6%
OriolesSteve Wilkerson
34.5%
MarinersOmar Narvaez
34.4%
RoyalsWhit Merrifield
34.3%
RangersRonald Guzman
34.2%
RoyalsRyan O'Hearn
33.8%
RangersJeff Mathis
33.5%
GiantsPablo Sandoval
32.6%
AthleticsJosh Phegley
31.5%
AthleticsRobbie Grossman
28.6%
TigersGrayson Greiner
27.9%
AngelsTommy LaStella
27.3%

You're not logged in!

Compare scores with friends on all Sporcle quizzes.
OR
Log In

You Might Also Like...

Show Comments

Extras

Top Quizzes Today


Score Distribution

Your Account Isn't Verified!

In order to create a playlist on Sporcle, you need to verify the email address you used during registration. Go to your Sporcle Settings to finish the process.

Report this User

Report this user for behavior that violates our Community Guidelines.

Details: